00661nam a2200193 a 4500001001000000003000900010005001700019007000300036008004100039040002500080082001000105100001900115245013300134260004100267300002000308500006200328504003100390600004600421000028026DO-SdBNP20250307073710.0ta110406s1994 dr 000 0 spa d aDO-SdBNPbspacBNPHU 4bD963p1 aDurán, Diony13aEl proyecto utópico de Pedro Henríquez Ureña:bferia nacional del libro Pedro Henríquez Ureña, 1992. /cDiony Durán. aSanto Domingo :bEditora ONAP,c1994 a20 p. ;c22 cm. aFeria nacional del libro Pedro Henríquez Ureña, 1992. aBibliografía: p. 19 - 2010aHenríquez Ureña, Pedro,d1884-1946